Solventnosť II a ohodnocovanie portfólia životného poistenia
Guardado en:
| Autor principal: | |
|---|---|
| Otros Autores: | |
| Formato: | Capítulo de libro |
| Lenguaje: | eslovaco |
| Etiquetas: |
Sin Etiquetas, Sea el primero en etiquetar este registro!
|
MARC
| LEADER | 00000nla$a2200000$$$4500 | ||
|---|---|---|---|
| 001 | 0115654 | ||
| 005 | 20240502072304.4 | ||
| 041 | 0 | |a slo | |
| 044 | |a SK | ||
| 245 | 1 | 0 | |a Solventnosť II a ohodnocovanie portfólia životného poistenia |c Alexandra Cisková, Mária Bilíková |
| 500 | |a Abstrakty | ||
| 100 | 1 | |a Cisková, Alexandra | |
| 700 | 1 | |a Bilíková, Mária, 1951- | |